1341 1535 1437 1309 1760 1997 1591 1462 1463 1030 1973 1542 1076 1475 1104 1399 1132 1364 1508 1814 1546 1410 1232 1777 1122 1169 1840 1709 1289 1300 1158 1841 1634 1860 1877 1410 1483 1560 1692 1411 1142 1909 1292 1899 1802 1976 1899 1251 1019 1674 1785 1319 1904 1983 1214 1409 1975 1339 1936 1849 1437 1699 1640 1868 1061 1556 1626 1113 1753 1125 1491 1324 1853 1733 1901 1526 1405 1674 1174 1705 1083 1081 1135 1240 1291 1855 1901 1248 1842 1541 1563 1080 1291 1012 1295 1701 1978 1089 1978 BCNSPRNW ULIB Ver.6.0+V

เปลี่ยนเป็นภาษาไทย

Change to English
 แสดงรายละเอียดบรรณานุกรม
  กลับหน้าหลัก

Brief Record : Get Marc (ISO 2709) : E-mail record : QR code < ปิดหน้าต่าง
LEADER : 00000nam 2200000uu 4500
001    13399114406
003     ULIB
008    120328s||||||||th 000 0 tha d
020    ^a9786167342498
050  4 ^aQA76.76.W56^bพ553ว
100 0  ^aพันจันทร์ ธนวัฒนเสถียร
245 10 ^aWindows 7 Microsoft office 2010 /^cพันจันทร์ ธนวัฒนเสถียร
246 30 ^aWindows 7 Microsoft office 2010 สำหรับผู้เริ่มต้น
250    ^aพิมพ์ครั้งที่ 1
260    ^aกรุงเทพฯ :^bsimpllfy,^c2554
300    ^a424 หน้า :^bภาพประกอบสี ;^c22 ซม.
500    ^aSend to Single Search
650  4 ^aโปรแกรมคอมพิวเตอร์
650  4 ^aไมโครซอฟต์วินโดวส์เซเวน
650  4 ^aระบบปฏิบัติการ (คอมพิวเตอร์)
650  4 ^aไมโครซอฟต์ออฟฟิศ (โปรแกรมคอมพิวเตอร์)
650  4 ^aไมโครซอฟต์ออฟฟิศ 2007 (โปรแกรมคอมพิวเตอร์)
650  4 ^aสำนักงานอัตโนมัติ^xโปรแกรมคอมพิวเตอร์
945    ^p249^l0^i031498
945    ^p249^l0^i031499
995    ^aทศพร
999 ^a ทศพร
รายการนี้ยังไม่มีแท็ก
คุณยังไม่ได้ล็อกอิน คุณสามารถมีกิจกรรมร่วมกับเว็บไซต์ได้ แต่ต้องล็อกอินก่อน ::
  ล็อกอิน

รายการสื่อสารสนเทศ

ลำดับที่ ประเภท เลขเรียก/บาร์โค้ด สถานที่ สถานะ
- ไม่พบข้อมูล -

รายการใกล้เคียง
    ผู้แต่ง [พันจันทร์ ธนวัฒนเสถียร]

    หัวเรื่อง [โปรแกรมคอมพิวเตอร์]
    หัวเรื่อง [ไมโครซอฟต์วินโดวส์เซเวน]
    หัวเรื่อง [ระบบปฏิบัติการ (คอมพิวเตอร์)]
    หัวเรื่อง [ไมโครซอฟต์ออฟฟิศ (โปรแกรมคอมพิวเตอร์)]
    หัวเรื่อง [ไมโครซอฟต์ออฟฟิศ 2007 (โปรแกรมคอมพิวเตอร์)]

BibComment


ยังไม่เคยถูกคอมเมนท์

คอมเมนท์ทรัพยากรรายการนี้
  คอมเมนท์: Windows 7 Micros..


 Copyright 2026. Bcnsprnw @Library